[Event "19th Russian Team Championship"]
[Site "Sochi (Loo)"]
[Date "2012.04.15"]
[Round "7"]
[White "Roiz, Michael"]
[Black "Poluljahov, Aleksandr"]
[Result "0-1"]
[WhiteElo "2652"]
[BlackElo "2505"]
[PlyCount "148"]
[EventDate "2012.04.09"]

1. d4 d5 2. c4 e6 3. Nf3 c6 4. Nbd2 f5 5. g3 Nf6 6. Bg2 Bd6 7. O-O O-O 8. Ne5
b6 9. Ndf3 Bb7 10. Bf4 Qe7 11. Rc1 Ne4 12. Nd3 Nd7 13. Qa4 a6 14. Bxd6 Qxd6 15.
cxd5 cxd5 16. Nfe5 Nef6 17. Rc3 Rfc8 18. Rfc1 Rxc3 19. bxc3 Rc8 20. c4 Nxe5 21.
Nxe5 b5 22. Qb3 Nd7 23. c5 Nxc5 24. Qa3 Ne4 25. Rxc8+ Bxc8 26. Qc1 Bb7 27. f3
Nf6 28. e3 Nd7 29. Nd3 b4 30. Bf1 a5 31. Qc2 Qc6 32. Nc5 Nxc5 33. dxc5 Kf7 34.
Be2 Bc8 35. Kf2 Bd7 36. g4 g6 37. gxf5 gxf5 38. f4 Ke7 39. h4 Kd8 40. h5 Be8
41. Qb2 Qxc5 42. Qe5 Ke7 43. Qh8 Qc3 44. Qxh7+ Bf7 45. h6 Qb2 46. Ke1 Kf8 47.
Bd1 Qf6 48. Kf2 Qc3 49. Bb3 Ke7 50. Ke2 Qb2+ 51. Kf3 Qa1 52. Kf2 Qc3 53. Ke2
Kf8 54. Kf2 Qa1 55. Kg2 Qb2+ 56. Kg3 Qf6 57. Kf2 Qc3 58. Kg2 Ke7 59. Kf2 d4 60.
exd4 Qxd4+ 61. Kg2 Kf8 62. Bd1 Qb2+ 63. Kg3 Qa1 64. Kh3 Qc3+ 65. Kg2 Qb2+ 66.
Kg3 Qa1 67. Kh3 Qxd1 68. Qh8+ Ke7 69. h7 Qf3+ 70. Kh2 Qxf4+ 71. Kg2 Qg4+ 72.
Kf2 Qg6 73. Ke3 Qg3+ 74. Kd2 Qg6 0-1

[Event "19th Russian Team Championship"]
[Site "Sochi (Loo)"]
[Date "2012.04.15"]
[Round "7"]
[White "Kurukin, Dmitry"]
[Black "Isajevsky, Anton"]
[Result "1/2-1/2"]
[WhiteElo "2375"]
[BlackElo "2426"]
[PlyCount "118"]
[EventDate "2012.04.09"]

1. d4 d5 2. c4 e6 3. Nc3 Nf6 4. cxd5 exd5 5. Bg5 c6 6. e3 Bf5 7. Qf3 Bg6 8.
Bxf6 Qxf6 9. Qxf6 gxf6 10. Nf3 Nd7 11. Be2 Nb6 12. Nd2 a5 13. O-O a4 14. Rac1
a3 15. b3 Bb4 16. Nf3 O-O 17. Nh4 Rfe8 18. Rfd1 Nc8 19. Na4 Nd6 20. Nc5 Re7 21.
g3 Ba5 22. Bg4 Rc7 23. Nd3 Re7 24. Nf4 Bd8 25. Nhg2 Re8 26. Be2 Ba5 27. Nh5 Ne4
28. Ngf4 Kf8 29. Bd3 Bd8 30. Rc2 Nd6 31. Kf1 Be7 32. Rcc1 Rec8 33. Be2 Ne4 34.
Nd3 Nd6 35. Nc5 Rd8 36. Nf4 Kg8 37. h4 Bf5 38. f3 Bc8 39. Kf2 Nf5 40. Na4 Rb8
41. Nb6 Be6 42. Bd3 Ng7 43. g4 h6 44. Rg1 Kf8 45. Be2 Bd6 46. Nd3 Bc7 47. Na4
Bd7 48. Nac5 Be8 49. Rc3 Bd6 50. b4 b6 51. Nb3 Ne6 52. Nd2 Ra8 53. Nb1 Ra7 54.
Bd1 Rda8 55. Bb3 Rd8 56. Rgc1 Be7 57. R3c2 Nc7 58. Nc3 Rd6 59. h5 Bd7 1/2-1/2

[Event "19th Russian Team Championship"]
[Site "Sochi (Loo)"]
[Date "2012.04.15"]
[Round "7"]
[White "Frolyanov, Dmitry"]
[Black "Sitnikov, Dmitrij"]
[Result "1/2-1/2"]
[WhiteElo "2556"]
[BlackElo "2500"]
[PlyCount "102"]
[EventDate "2012.04.09"]

1. e4 c5 2. Nf3 Nc6 3. Nc3 Nf6 4. Bb5 g6 5. e5 Ng4 6. Bxc6 dxc6 7. h3 Nh6 8. d3
Nf5 9. O-O Bg7 10. Re1 Nd4 11. Bf4 b6 12. Nh2 h6 13. Ng4 Be6 14. Ne4 Qd7 15.
Ne3 Rd8 16. h4 O-O 17. Qc1 Kh7 18. Ng3 f6 19. Nef1 Bg8 20. Nh2 Ne6 21. Bd2 c4
22. exf6 exf6 23. Bc3 cxd3 24. Rd1 Qc7 25. cxd3 Nf4 26. Nhf1 h5 27. Qc2 c5 28.
Ne3 a5 29. d4 c4 30. d5 b5 31. Qe4 Nd3 32. Qf3 f5 33. Ngxf5 Bxc3 34. bxc3 Qe5
35. a4 Bxd5 36. Qg3 Qxg3 37. Nxg3 b4 38. Nxd5 Rxd5 39. Ne4 Kg7 40. f3 Rb8 41.
Rab1 b3 42. Kf1 Rdd8 43. g3 Kf7 44. Ke2 b2 45. Rd2 Ke7 46. Nf2 Nc5 47. Rdxb2
Rxb2+ 48. Rxb2 Nxa4 49. Rc2 Ke6 50. Ne4 Rd3 51. Ra2 Nxc3+ 1/2-1/2

[Event "19th Russian Team Championship"]
[Site "Sochi (Loo)"]
[Date "2012.04.15"]
[Round "7"]
[White "Iskusnyh, Sergei"]
[Black "Geller, Jakov"]
[Result "1/2-1/2"]
[WhiteElo "2480"]
[BlackElo "2544"]
[PlyCount "120"]
[EventDate "2012.04.09"]

1. d4 d5 2. c4 e6 3. Nf3 Nf6 4. g3 dxc4 5. Bg2 Nc6 6. Qa4 Bb4+ 7. Bd2 Nd5 8.
Bxb4 Ndxb4 9. Nc3 Bd7 10. O-O a5 11. Qd1 O-O 12. Nd2 Nxd4 13. Bxb7 Rb8 14. Bg2
Bc8 15. e3 Nf5 16. Nxc4 Ba6 17. b3 Nd6 18. Qe2 Nxc4 19. bxc4 Qd3 20. Rfc1 Qxc4
21. Qxc4 Bxc4 22. Ne4 Bxa2 23. Rxc7 Rfc8 24. Ra7 Nc6 25. Rxf7 Kxf7 26. Nd6+ Kf6
27. Nxc8 Bd5 28. Nd6 Rb4 29. Rc1 Bxg2 30. Kxg2 Rb6 31. Rc5 Ra6 32. Ne4+ Ke7 33.
Rc4 Rb6 34. f4 h6 35. h4 h5 36. Kf3 g6 37. Nc5 Kd6 38. Ne4+ Ke7 39. Rc3 e5 40.
Rc4 exf4 41. gxf4 Kd7 42. Rc5 Ke7 43. Nc3 Ra6 44. Na4 Nd8 45. Rc7+ Kd6 46. Rg7
Kd5 47. Rd7+ Rd6 48. Nb6+ Kc6 49. Rxd6+ Kxd6 50. Nc4+ Kc5 51. Nxa5 Kb4 52. Ke4
Kxa5 53. Ke5 Kb5 54. Kf6 Kc4 55. Kxg6 Kd3 56. Kxh5 Kxe3 57. f5 Kf4 58. Kg6 Nc6
59. f6 Ne5+ 60. Kg7 Kg4 1/2-1/2

[Event "19th Russian Team Championship"]
[Site "Sochi (Loo)"]
[Date "2012.04.15"]
[Round "7"]
[White "Nakhapetiane, Pogos"]
[Black "Lyaskovsky, Valentin"]
[Result "1-0"]
[WhiteElo "2504"]
[BlackElo "2277"]
[PlyCount "93"]
[EventDate "2012.04.09"]

1. e4 c5 2. Nf3 Nc6 3. d4 cxd4 4. Nxd4 Qb6 5. Nb3 Nf6 6. Nc3 e6 7. a3 Be7 8.
Bf4 O-O 9. Bd3 d6 10. O-O a6 11. Qd2 Qc7 12. Rfe1 b5 13. a4 b4 14. Nd1 e5 15.
Bg3 Be6 16. Ne3 Kh8 17. Qe2 a5 18. Bh4 Rad8 19. Bxf6 Bxf6 20. Bc4 Bg5 21. Nd5
Qa7 22. Rad1 f5 23. Ne3 Bxe3 24. Bxe6 Bb6 25. exf5 Ne7 26. Kh1 Nxf5 27. Bxf5
Rxf5 28. f3 Rh5 29. Qb5 Rf8 30. Rxd6 Bc7 31. Rd2 Bb8 32. Re4 Qe7 33. Qd7 Qg5
34. Qg4 Qh6 35. h3 Ba7 36. Rde2 Rg5 37. Qd7 Qb6 38. Qd1 Rxf3 39. Rxe5 Rxe5 40.
Rxe5 Rf8 41. Nc5 Bb8 42. Nd7 Qc7 43. Qf3 Rg8 44. Qf5 Ba7 45. Nf8 g6 46. Qf6+
Qg7 47. Re7 1-0

[Event "19th Russian Team Championship"]
[Site "Sochi (Loo)"]
[Date "2012.04.15"]
[Round "7"]
[White "Savchenko, Boris"]
[Black "Uzhva, Andrey"]
[Result "1-0"]
[WhiteElo "2580"]
[BlackElo "2246"]
[PlyCount "61"]
[EventDate "2012.04.09"]

1. e4 e5 2. Nf3 Nf6 3. Nxe5 d6 4. Nf3 Nxe4 5. d4 d5 6. Bd3 Be7 7. O-O O-O 8. c4
Nc6 9. Re1 Nd6 10. cxd5 Nb4 11. Nc3 Nxd3 12. Qxd3 Bf5 13. Qe2 Bf6 14. Bf4 Re8
15. Ne5 a6 16. Qf3 Bg5 17. Nc6 bxc6 18. Bxd6 Rxe1+ 19. Rxe1 cxd6 20. Qxf5 Bd2
21. Re2 Bxc3 22. bxc3 Qa5 23. Qd7 g6 24. dxc6 Qxc3 25. h4 Qc1+ 26. Kh2 Qf4+ 27.
g3 Qf3 28. Rb2 Kg7 29. c7 Qc3 30. Rb8 Qc2 31. Qh3 1-0

[Event "19th Russian Team Championship"]
[Site "Sochi (Loo)"]
[Date "2012.04.15"]
[Round "7"]
[White "Oparin, Grigoriy"]
[Black "Khoroshilov, Nikita"]
[Result "1-0"]
[WhiteElo "2487"]
[BlackElo "2189"]
[PlyCount "63"]
[EventDate "2012.04.09"]

1. e4 d6 2. d4 Nf6 3. Nc3 g6 4. f4 Bg7 5. Nf3 O-O 6. e5 Nfd7 7. h4 c5 8. e6
fxe6 9. h5 cxd4 10. Nxd4 Nf6 11. hxg6 hxg6 12. Bd3 Qe8 13. Qe2 Nd5 14. Nxd5
exd5 15. Ne6 Bxe6 16. Qxe6+ Qf7 17. Qg4 Nc6 18. Bxg6 Qf6 19. Be3 e6 20. c3 Rfc8
21. Bf2 Ne7 22. Bh7+ Kf8 23. Bd4 Qf7 24. Bxg7+ Qxg7 25. Qxe6 Qg3+ 26. Kf1 Rc4
27. Rh3 Rxf4+ 28. Kg1 Qf2+ 29. Kh1 Rh4 30. Bd3 Ke8 31. Rf1 Qg3 32. Bb5+ 1-0